La Compañía de Jesús como opción de vida para los jóvenes universitarios : el caso del ITESO /

Este trabajo aborda la disminución reciente de vocaciones dentro de la Compañía de Jesús y reflexiona sobre la experiencia personal del autor en el equipo de Promoción de Vocaciones de la Provincia Mexicana. A partir de su labor acompañando a jóvenes en diversos espacios pastorales, se analizan las...

Olles dieđut

Furkejuvvon:
Bibliográfalaš dieđut
Váldodahkki: Mireles Bueno, Enrique Javier (autor)
Materiálatiipa: Oahppočájánas Girji
Giella:espánnjágiella
Almmustuhtton: Guadalajara, México : edición de autor, 2005
Fáttát:
Fáddágilkorat: Lasit fáddágilkoriid
Eai fáddágilkorat, Lasit vuosttaš fáddágilkora!

MARC

LEADER 00000nam^a2200000^a^4500
001 000181785
005 20260326183249.0
009 20260407171938.884
037 |a Acervo ITESO - Biblioteca 
041 |a ESP 
090 |a MFS. 24 
100 |a Mireles Bueno, Enrique Javier  |e (autor) 
245 1 3 |a La Compañía de Jesús como opción de vida para los jóvenes universitarios :  |b el caso del ITESO /  |c E.J. Mireles Bueno. 
264 1 |a Guadalajara, México :  |b edición de autor,  |c 2005 
300 |a 1 disco compacto de computadora 
336 |a datos para computadora  |b cod  |2 rdacontenido 
337 |a computadora  |b c  |2 rdamedio 
338 |a disco de computadora  |b cd  |2 rdasoporte 
502 |a ITESO Tesis de Maestría en Filosofía Social 
520 |a Este trabajo aborda la disminución reciente de vocaciones dentro de la Compañía de Jesús y reflexiona sobre la experiencia personal del autor en el equipo de Promoción de Vocaciones de la Provincia Mexicana. A partir de su labor acompañando a jóvenes en diversos espacios pastorales, se analizan las motivaciones que pueden orientar el discernimiento vocacional, destacando la dimensión apostólica y social de la orden, así como la espiritualidad ignaciana como fuente de sentido y compromiso. 
649 |a XX 
650 |a ITESO -  |x Tema Principal 
650 |a Estudiantes -  |x Condiciones Sociales y Culturales -  |x Tema Principal 
650 |a Jesuitas -  |x Tema Principal 
650 |a Vocación Religiosa 
650 |a Vida Monástica y Religiosa 
650 |a Monasticismo y Ordenes Religiosas 
650 |a Catolicismo 
650 |a Cristianismo 
650 |a Religión 
650 |a Sociología 
910 |a Fondo General 
920 |a Electrónicos - Tesis del ITESO en Disco 
905 |a 202 
901 |a 0500121619  |b IT2  |c STS  |u 20250521 
902 |a https://opac.biblio.iteso.mx/vufind/Record/000181785